| 000 | 00440nam a2200181Ia 4500 | ||
|---|---|---|---|
| 005 | 20240823054632.0 | ||
| 008 | 240823s9999||||xx |||||||||||||| ||und|| | ||
| 041 | _aENGLISH | ||
| 082 | _A006.7 Q2 | ||
| 100 | _aJeyashree S | ||
| 245 | 0 | _aService Oriented Architecture | |
| 250 | _a1st | ||
| 260 |
_c2012 _b"A.R. Publications, Ch" |
||
| 500 | _aYES | ||
| 650 |
_aComputer _bComputer Science |
||
| 700 | _aGurulakshmi V | ||
| 942 | _cBK | ||
| 999 |
_c226915 _d226915 |
||